000 00391nam a2200181Ia 4500
008 151202s9999||||xx |||||||||||||| ||und||
082 _bPNVM-48831
100 _a--.
245 _aचंपक.
260 _bपरेश नाथ.
260 _c2004
300 _a160
600 _a--.
630 _aचंपक.
700 _a--.
730 _aचंपक.
942 _cBOOK
999 _c1314768
_d1314765